One Letter Answers #4 - Statistics

General Stats
  • This quiz has been taken 52,060 times
  • The average score is 20 of 26
Answer Stats
Hint Answer % Correct
First letter of the capital of Germany B
98%
John Kennedy's middle initial F
98%
Very short way to say "okay" K
98%
Most common letter in the English language E
97%
Twitter's new name as of 2023 X
96%
Generation following the millennials Z
93%
Looks like an upside-down W in some fonts M
92%
Most common ending of past tense verbs in English D
88%
Use Ctrl + C to copy text. Use Ctrl + this letter to paste it. V
86%
In sports, it's the opposite of a W L
85%
Represents the speed of light in a famous Einstein equation C
80%
Say this letter out loud and it sounds like a body part I
78%
Movie rating that indicates a film is suitable for all ages (in North America) G
77%
The only letter that appears on the gear shift of a manual transmission car R
76%
In sheet music, this letter indicates a soft volume P
74%
The Morse Code for this letter is three dots (hint: sailors will know) S
73%
First letter in the alphabet that is not a musical letter H
71%
There is only one country starting with this letter. It borders a country starting with O. Y
68%
Letter pointed to by a compass needle N
67%
Letter that is "minded" along with P Q
64%
Missing letter in this sequence: M V E M _ S U N J
63%
The highest grade at Hogwarts O
61%
Do this turn to rotate 180° U
61%
Hester Prynne had a scarlet one of these on her dress A
53%
The four bases of DNA: C G A and _ T
49%
Atomic symbol of Tungsten W
46%
No matching quizzes found
Score Distribution
Percent of People with Each Score
Percentile by Number Answered
Your Score History
You have not taken this quiz